NLSUI OPAC header image

Lifting of corporate veil with regard to group companies (Record no. 217135)

MARC details
000 -LEADER
fixed length control field 01129nam a2200145Ia 4500
005 - DATE AND TIME OF LATEST TRANSACTION
control field 20260209120133.0
008 - FIXED-LENGTH DATA ELEMENTS--GENERAL INFORMATION
fixed length control field 260209s9999||||xx |||||||||||||| ||und||
100 ## - MAIN ENTRY--PERSONAL NAME
Personal name Veer Vikrant Singh
245 #0 - TITLE STATEMENT
Title Lifting of corporate veil with regard to group companies
260 ## - PUBLICATION, DISTRIBUTION, ETC.
Place of publication, distribution, etc. BangaloreBangalore
Name of publisher, distributor, etc. NLSIU
Date of publication, distribution, etc. 2014
300 ## - PHYSICAL DESCRIPTION
Extent 89 p. ; 25 cm.
505 ## - FORMATTED CONTENTS NOTE
Formatted contents note TABLE OF CONTENTS Chapter -1 Introduction ; Chapter- 2 Legal Personality of Company ; Chapter- 3 General Overview of Common Law Principles in Corporate Personality: Exceptions & Difficulties ; Chapter- 4 Concept of Group Companies and related concepts ; Chapter- 5 Lifting of Corporate Veil with regard to GC ; Chapter- 6 The European Approach in Piercing the Corporate Veil with regard to Group Companies; Chapter- 7 The United States approach in Piercing the Corporate with regard to Group Companies; Chapter-8 The Indian Approach in Piercing the Corporate Veil with regard to Group Companies; Chapter- 9 Conclusion ; Bibliography.
700 ## - ADDED ENTRY--PERSONAL NAME
Personal name Prof. M P Padmanabha Pillai - GuideProf. M P Padmanabha Pillai - Guide
856 ## - ELECTRONIC LOCATION AND ACCESS
Uniform Resource Identifier <a href="https://dans.nls.ac.in/handle/123456789/1755">https://dans.nls.ac.in/handle/123456789/1755</a>
Holdings
Withdrawn status Lost status Damaged status Not for loan Home library Current library Date acquired Total Checkouts Barcode Date last seen Price effective from Koha item type
        . . 09.02.2026   LLM500 09.02.2026 09.02.2026 Dissertation